• 首页
  • 本馆介绍
  • 公告通知
  • 最新文献
  • 馆藏检索
  • 电子资源
  • 读者导购
  • 参考咨询
  • 我的图书馆
  • 登录
  • 详细信息显示
  • 放入我的书架
  • 预约/预借图书
  • 作者相关作品
  • 分类相关作品
  • 丛书相关作品
  • 出版社相关作品

书目信息

  • 表格格式
  • 工作单格式
  • 卡片格式
题名:
中国环境保护优秀论文集 上
    
 
作者: ;中国环境科学学会 编
分册:  
出版信息: 北京   中国环境科学出版社  2005.06
页数: 1160页
开本: 26cm
丛书名:
单 册:
中图分类: X-53
科图分类:
主题词: 环境科学 , 安全科学 , 劳动保护
电子资源:
ISBN: 7-80209-116-0
000 00774nam0 2200241 450
001 0735805527
005 20071215095756.56
010    @a7-80209-116-0@dCNY360.00
100    @a20071215d2005 km y0chiy0120 ea
101 0  @achi
102    @aCN@b110000
200 1  @a中国环境保护优秀论文集 上@Azhong guo huan jing bao hu you xiu lun wen ji shang@e2005@f中国环境科学学会编@Fzhong guo huan jing ke xue xue hui bian
210    @a北京@c中国环境科学出版社@d2005.06
215    @a1160页@d26cm
517 1  @a2005
606 0  @a环境科学
606 0  @a安全科学
606 0  @a劳动保护
690    @aX-53@v4
711 02 @a中国环境科学学会@Azhong guo huan jing ke xue xue hui@4编
801  0 @aCN@b大连网信软件有限公司图书馆@c20071215
905    @aBZT@dX-53@e2-1
906    @dCNY360.00@n0@r1
    
    中国环境保护优秀论文集 上:2005/中国环境科学学会编.-北京:中国环境科学出版社,2005.06
    1160页;26cm
    
    
    ISBN 7-80209-116-0:CNY360.00
    
●
相关链接 在五车中查询图书 在当当中查询图书 在豆瓣中查询图书


正题名:中国环境保护优秀论文集 上     索取号:X-53/2-1         预约/预借

序号 登录号 条形码 馆藏地/架位号 状态 备注
1 637090   2000637090   中心书库北库/ 北库003架A面2列4层11/ [索取号:X-53/2-1] 在馆    
2 637091   2000637091   中心书库北库/ 北库003架A面2列4层12/ [索取号:X-53/2-1] 在馆    
3 637092   2000637092   中心书库北库/ 北库003架A面2列4层14/ [索取号:X-53/2-1] 在馆    
4 637093   2000637093   中心书库北库/ 北库003架A面2列4层10/ [索取号:X-53/2-1] 在馆    
5 637094   2000637094   中心书库北库/ 北库003架A面2列4层15/ [索取号:X-53/2-1] 在馆    
山东省滨州职业学院图书馆 欢迎您!
大连网信软件有限公司© 版权所有